Joueurs passés par l’Olympique lyonnais - Mort subite - Statistiques

Statistiques générales
  • Ce quiz a été pris 1 718 fois
  • Le résultat moyen est 16 sur 20
Answers on the Grid
Answers color-coded by a green-red scale on the quiz's grid according to % correct below.
Lucas Paquetá
Alexandre Lacazette
Miralem Pjanić
Karim Benzema
Bafétimbi Gomis
Memphis Depay
Mariano Díaz
Duje Ćaleta-Car
Xherdan Shaqiri
Kim Källström
Jérémy Toulalan
Juninho
Grégory Coupet
Emerson Palmieri
Tanguy Ndombele
Michel Bastos
Hugo Lloris
Lisandro López
Rayan Cherki
Houssem Aouar
Olivier Giroud
Rúben Dias
Lassana Diarra
Valentin Rongier
Antoine Griezmann
Younès Belhanda
Loïc Perrin
Thomas Lemar
Oleksandr Zinchenko
Franck Ribéry
Rémy Cabella
Andy Delort
 
Statistiques - réponses
Réponse % Correct
Juninho
84%
Karim Benzema
84%
Rayan Cherki
84%
Alexandre Lacazette
83%
Houssem Aouar
82%
Memphis Depay
82%
Tanguy Ndombele
82%
Hugo Lloris
81%
Lucas Paquetá
81%
Bafétimbi Gomis
78%
Duje Ćaleta-Car
78%
Grégory Coupet
78%
Lisandro López
78%
Miralem Pjanić
77%
Mariano Díaz
74%
Xherdan Shaqiri
74%
Jérémy Toulalan
73%
Michel Bastos
72%
Kim Källström
68%
Emerson Palmieri
63%
Aucun quiz correspondant
Distribution des résultats
% des personnes avec chaque résultat
Percentile par nombre de réponses
Votre historique - résultats
Vous n’avez pas pris ce quiz